[Event "2MCRV_F"]
[Site "?"]
[Date "2002.??.??"]
[Round "?"]
[White "Sykora, Josef"]
[Black "Nevole, Milan"]
[Result "1-0"]
[WhiteElo "2370"]
[BlackElo "2240"]
[PlyCount "53"]
[EventDate "2002.??.??"]
[EventType "corr"]
[SourceDate "2004.06.03"]

1. c4 Nf6 2. Nf3 c6 3. Nc3 d5 4. d4 Bf5 5. cxd5 cxd5 6. Qb3 Qb6 7. Nxd5 Nxd5 8.
Qxd5 e6 9. Qb3 Qxb3 10. axb3 Bc2 11. e3 Bxb3 12. Bb5+ Nc6 13. e4 Bc2 14. d5
exd5 15. Ne5 Bb4+ 16. Bd2 Bxd2+ 17. Kxd2 Bxe4 18. Nxc6 bxc6 19. Bxc6+ Ke7 20.
Bxa8 Rxa8 21. f3 Bf5 22. b4 Kf6 23. Ra6+ Ke5 24. b5 Rb8 25. Re1+ Kd4 26. Ra4+
Kc5 27. Rc1+ 1-0

[Event "2MCRV_F"]
[Site "?"]
[Date "2002.??.??"]
[Round "?"]
[White "Klima, Milos"]
[Black "Pavlicek, Jan"]
[Result "1-0"]
[WhiteElo "2320"]
[BlackElo "2250"]
[PlyCount "39"]
[EventDate "2002.??.??"]
[EventType "corr"]
[SourceDate "2004.06.03"]

1. e4 e6 2. d3 c5 3. Nf3 Nc6 4. g3 g6 5. Bg2 Bg7 6. O-O Nge7 7. Nbd2 d5 8. Re1
b6 9. exd5 Nxd5 10. d4 O-O 11. c4 Nde7 12. dxc5 bxc5 13. Ne4 Qb6 14. Qd6 Ba6
15. Bg5 Rad8 16. Qf4 f5 17. Ned2 Bc8 18. Nb3 Bxb2 19. Rab1 Bc3 20. Rec1 1-0

[Event "2MCRV_F"]
[Site "?"]
[Date "2002.??.??"]
[Round "?"]
[White "Kostal, Jindrich"]
[Black "Valak, Alois"]
[Result "1/2-1/2"]
[WhiteElo "2305"]
[BlackElo "2260"]
[PlyCount "102"]
[EventDate "2002.??.??"]
[EventType "corr"]
[SourceDate "2004.06.03"]

1. e4 c6 2. d4 d5 3. Nc3 dxe4 4. Nxe4 Bf5 5. Ng3 Bg6 6. h4 h6 7. Nf3 Nd7 8. h5
Bh7 9. Bd3 Bxd3 10. Qxd3 e6 11. Bf4 Qa5+ 12. Bd2 Qc7 13. O-O-O Ngf6 14. Ne4
O-O-O 15. Kb1 c5 16. Nc3 a6 17. Rh4 cxd4 18. Rxd4 Bc5 19. Bf4 e5 20. Bxe5 Nxe5
21. Rxd8+ Rxd8 22. Qxd8+ Qxd8 23. Rxd8+ Kxd8 24. Nxe5 Bxf2 25. Nxf7+ Ke7 26.
Ne5 Nxh5 27. Nd3 Bd4 28. Ne2 Ba7 29. c4 Nf6 30. Kc2 g5 31. c5 Ke6 32. b4 h5 33.
a3 b6 34. Kb3 Ng4 35. Nd4+ Kd5 36. c6 Bb8 37. b5 axb5 38. Kc3 Ne3 39. Nb4+ Ke4
40. Ne6 Be5+ 41. Kd2 Nc4+ 42. Ke2 Kf5 43. Nd8 Bc7 44. Nf7 Kf6 45. Nd5+ Kxf7 46.
Nxc7 Nxa3 47. Nd5 Ke6 48. Kd3 Kd6 49. c7 Kd7 50. Ke4 g4 51. Kf4 Nc4 1/2-1/2

[Event "2MCRV_F"]
[Site "?"]
[Date "2002.??.??"]
[Round "?"]
[White "Skalicky, Frantisek"]
[Black "Pytlik, Lesek"]
[Result "0-1"]
[WhiteElo "2305"]
[BlackElo "2260"]
[PlyCount "105"]
[EventDate "2002.??.??"]
[EventType "corr"]
[SourceDate "2004.06.03"]

1. e4 d6 2. d4 Nf6 3. Nc3 g6 4. f4 Bg7 5. Nf3 O-O 6. Bd3 Na6 7. O-O c5 8. d5
Nc7 9. a4 a6 10. Qe1 Bg4 11. a5 Bxf3 12. Rxf3 e6 13. dxe6 Nxe6 14. Qh4 Nd4 15.
Rf1 h6 16. f5 g5 17. Qh3 Re8 18. Nd5 Nxd5 19. exd5 Qf6 20. c3 Nb3 21. Ra4 Re5
22. Be3 Rae8 23. Bf2 Nd2 24. Rd1 Ne4 25. Bxe4 Rxe4 26. Rxe4 Rxe4 27. Qf3 Ra4
28. Be1 Ra2 29. b4 cxb4 30. cxb4 Ra1 31. Rxa1 Qxa1 32. Kf1 Bd4 33. h4 gxh4 34.
Qg4+ Kf8 35. Qxh4 Qc1 36. Ke2 Qc2+ 37. Bd2 Ke8 38. f6 Qg6 39. Qh3 Kd8 40. Bxh6
Bxf6 41. Bd2 Qe4+ 42. Be3 Qc4+ 43. Kf2 Qxd5 44. Qg3 Kd7 45. Qg4+ Kc6 46. Qe2
Qf5+ 47. Kg1 Qe4 48. Qd2 Qb1+ 49. Kf2 Qb2 50. Qxb2 Bxb2 51. Bb6 Kb5 52. Ke3 Bc3
53. Kd3 0-1

[Event "2MCRV_F"]
[Site "?"]
[Date "2002.??.??"]
[Round "?"]
[White "Bucek, Jiri"]
[Black "Kuchta, Jiri"]
[Result "1/2-1/2"]
[WhiteElo "2300"]
[BlackElo "2270"]
[PlyCount "31"]
[EventDate "2002.??.??"]
[EventType "corr"]
[SourceDate "2004.06.03"]

1. e4 c5 2. Nf3 d6 3. d4 cxd4 4. Nxd4 Nf6 5. Nc3 g6 6. Be3 Bg7 7. f3 O-O 8. Qd2
Nc6 9. O-O-O d5 10. exd5 Nxd5 11. Nxc6 bxc6 12. Bd4 Bxd4 13. Qxd4 Qb6 14. Qxb6
axb6 15. Nxd5 cxd5 16. a3 1/2-1/2

[Event "2MCRV_F"]
[Site "?"]
[Date "2002.??.??"]
[Round "?"]
[White "Kuta, Jiri"]
[Black "Nosek, Jaroslav"]
[Result "1-0"]
[WhiteElo "2295"]
[BlackElo "2275"]
[PlyCount "43"]
[EventDate "2002.??.??"]
[EventType "corr"]
[SourceDate "2004.06.03"]

1. d4 d5 2. c4 dxc4 3. e4 e5 4. Nf3 exd4 5. Bxc4 Nc6 6. O-O a6 7. Bd5 Nge7 8.
Qb3 Nxd5 9. exd5 Ne7 10. Re1 c6 11. dxc6 bxc6 12. Qa4 Qd7 13. Ne5 Qd5 14. Nc4
Bb7 15. Bf4 Rd8 16. Re5 Qd7 17. Nbd2 f6 18. Ree1 Qf5 19. Nd6+ Rxd6 20. Bxd6 Qd5
21. Rad1 Qxd6 22. Ne4 1-0

[Event "2MCRV_F"]
[Site "?"]
[Date "2002.??.??"]
[Round "?"]
[White "Bures, Jilji"]
[Black "Vondracek, Emil"]
[Result "1-0"]
[WhiteElo "2285"]
[BlackElo "2285"]
[PlyCount "83"]
[EventDate "2002.??.??"]
[EventType "corr"]
[SourceDate "2004.06.03"]

1. e4 e5 2. Nf3 Nc6 3. Bb5 a6 4. Ba4 Nf6 5. O-O b5 6. Bb3 Bb7 7. Re1 Bc5 8. c3
d6 9. d4 Bb6 10. Be3 O-O 11. Nbd2 exd4 12. cxd4 Nb4 13. Qb1 c5 14. a3 Nc6 15.
d5 Ne7 16. h3 c4 17. Bc2 Ng6 18. Nd4 Rc8 19. a4 b4 20. a5 Bc5 21. Nf5 b3 22.
Bd1 Re8 23. Bxc5 Rxc5 24. Be2 Ne5 25. Ne3 Rxa5 26. Nexc4 Rxa1 27. Qxa1 Nxc4 28.
Bxc4 Qb6 29. Re3 Qd4 30. Rd3 Qc5 31. Qa4 Bc8 32. Rxb3 Qd4 33. Qb4 Nd7 34. Bf1
Qf6 35. Nc4 Nc5 36. e5 Qd8 37. Ra3 Nb7 38. exd6 a5 39. Qb5 Re4 40. Qc6 Rxc4 41.
Qxc4 Nxd6 42. Qc3 1-0

[Event "2MCRV_F"]
[Site "?"]
[Date "2002.??.??"]
[Round "?"]
[White "Nosek, Jaroslav"]
[Black "Bures, Jilji"]
[Result "0-1"]
[WhiteElo "2275"]
[BlackElo "2285"]
[PlyCount "60"]
[EventDate "2002.??.??"]
[EventType "corr"]
[SourceDate "2004.06.03"]

1. e4 c5 2. Nf3 Nc6 3. d4 cxd4 4. Nxd4 Nf6 5. Nc3 e5 6. Ndb5 d6 7. Bg5 a6 8.
Na3 b5 9. Bxf6 gxf6 10. Nd5 Bg7 11. c3 f5 12. Bd3 Be6 13. Qh5 O-O 14. O-O f4
15. g4 Ne7 16. g5 f6 17. gxf6 Bxf6 18. Qf3 Nxd5 19. exd5 Bc8 20. Be4 Qd7 21.
Kh1 Qh3 22. Qe2 Kh8 23. Rg1 Bf5 24. Nc2 f3 25. Bxf5 Qxf5 26. Ne3 Qh5 27. Qc2
Bg5 28. Nf5 Rf6 29. Ng7 Qh6 30. Nf5 Qg6 0-1

[Event "2MCRV_F"]
[Site "?"]
[Date "2002.??.??"]
[Round "?"]
[White "Kuchta, Jiri"]
[Black "Kuta, Jiri"]
[Result "0-1"]
[WhiteElo "2270"]
[BlackElo "2295"]
[PlyCount "63"]
[EventDate "2002.??.??"]
[EventType "corr"]
[SourceDate "2004.06.03"]

1. c4 e5 2. Nc3 Nf6 3. Nf3 Nc6 4. a3 g6 5. e3 Bg7 6. d4 exd4 7. exd4 d5 8. Bg5
O-O 9. Nxd5 Qd6 10. Bf4 Qe6+ 11. Ne3 Ng4 12. Be2 Qe4 13. Nd5 Be6 14. Bxc7 Bxd5
15. cxd5 Nxd4 16. Nxd4 Qxg2 17. Rf1 Rfe8 18. h3 Re4 19. hxg4 Rxd4 20. Qb3 Re8
21. Rc1 Rxe2+ 22. Kxe2 Bh6 23. Rc3 Re4+ 24. Kd3 Re8 25. Kc2 Qxf1 26. Qxb7 Bg7
27. Ba5 Bxc3 28. Bxc3 Qxf2+ 29. Kb3 Qf4 30. Qxa7 Qxg4 31. Qc7 Qd1+ 32. Kc4 0-1

[Event "2MCRV_F"]
[Site "?"]
[Date "2002.??.??"]
[Round "?"]
[White "Pytlik, Lesek"]
[Black "Bucek, Jiri"]
[Result "1/2-1/2"]
[WhiteElo "2260"]
[BlackElo "2300"]
[PlyCount "50"]
[EventDate "2002.??.??"]
[EventType "corr"]
[SourceDate "2004.06.03"]

1. e4 e5 2. Nf3 Nc6 3. d3 Nf6 4. g3 Bc5 5. Bg2 d6 6. Nc3 a6 7. O-O Be6 8. Bg5
h6 9. Bxf6 Qxf6 10. Nd5 Qd8 11. c3 Ba7 12. Ne3 O-O 13. a3 Rb8 14. d4 exd4 15.
cxd4 Ne7 16. d5 Bd7 17. Re1 Ng6 18. Rc1 Re8 19. Qc2 Rc8 20. Qb3 b5 21. Nf5 Ne7
22. Bh3 Nxf5 23. Bxf5 Bxf5 24. exf5 Rxe1+ 25. Rxe1 Qf6 1/2-1/2

[Event "2MCRV_F"]
[Site "?"]
[Date "2002.??.??"]
[Round "?"]
[White "Valak, Alois"]
[Black "Skalicky, Frantisek"]
[Result "1-0"]
[WhiteElo "2260"]
[BlackElo "2305"]
[PlyCount "129"]
[EventDate "2002.??.??"]
[EventType "corr"]
[SourceDate "2004.06.03"]

1. e4 e5 2. Nf3 Nc6 3. Bb5 f5 4. Nc3 fxe4 5. Nxe4 d5 6. Nxe5 dxe4 7. Nxc6 Qg5
8. Qe2 Nf6 9. f4 Qxf4 10. Nxa7+ Bd7 11. Bxd7+ Nxd7 12. Nb5 O-O-O 13. d4 Qf6 14.
Rf1 Qb6 15. Bg5 c6 16. Bxd8 Kxd8 17. Rf7 Qxb5 18. Qxb5 cxb5 19. Ke2 Be7 20.
Rxg7 Bf6 21. Rg4 Bxd4 22. c3 Be5 23. Rd1 Kc7 24. Rf1 h5 25. Rxe4 Bxh2 26. Rf5
Rg8 27. Kf3 Rg3+ 28. Kf2 Rg7 29. Rxb5 h4 30. Rc4+ Kb8 31. Rf5 Ne5 32. Rf8+ Ka7
33. Ra4+ Kb6 34. Re4 Bg3+ 35. Ke2 Nc6 36. Rf5 Ne7 37. Rf6+ Kc7 38. a4 Nc8 39.
Kd3 Nd6 40. Re2 Rd7 41. Kc2 Nc4 42. Rf3 Rd5 43. b3 Re5 44. Rf7+ Kb6 45. Rf6+
Ka7 46. Kd3 Rxe2 47. Kxe2 Na5 48. b4 Nc4 49. a5 Be5 50. Re6 Bg3 51. Kd3 Nb2+
52. Kc2 Nc4 53. Kb3 Nd2+ 54. Ka4 Nc4 55. b5 b6 56. a6 Ne5 57. Rd6 Nc4 58. Rd4
Ne5 59. Kb3 Bf2 60. Rd5 Ng4 61. c4 Bc5 62. Rg5 Nf6 63. Kc2 Be3 64. Rg7+ Ka8 65.
Kd3 1-0

[Event "2MCRV_F"]
[Site "?"]
[Date "2002.??.??"]
[Round "?"]
[White "Pavlicek, Jan"]
[Black "Kostal, Jindrich"]
[Result "0-1"]
[WhiteElo "2250"]
[BlackElo "2305"]
[PlyCount "54"]
[EventDate "2002.??.??"]
[EventType "corr"]
[SourceDate "2004.06.03"]

1. e4 e5 2. Nf3 Nc6 3. Nc3 Nf6 4. Bb5 Nd4 5. Nxd4 exd4 6. e5 dxc3 7. exf6 Qxf6
8. dxc3 Qe5+ 9. Be2 Bc5 10. O-O O-O 11. Bd3 d6 12. Qf3 Qe6 13. h3 f5 14. Bd2
Qf7 15. Be3 Bxe3 16. Qxe3 Be6 17. Qf4 a6 18. Rfe1 Rae8 19. a3 Bd5 20. Rxe8 Qxe8
21. Bc4 Bxc4 22. Qxc4+ Qf7 23. Qb4 b6 24. Qa4 a5 25. Re1 f4 26. Qc6 h6 27. b3
f3 0-1

[Event "2MCRV_F"]
[Site "?"]
[Date "2002.??.??"]
[Round "?"]
[White "Nevole, Milan"]
[Black "Klima, Milos"]
[Result "1-0"]
[WhiteElo "2240"]
[BlackElo "2320"]
[PlyCount "57"]
[EventDate "2002.??.??"]
[EventType "corr"]
[SourceDate "2004.06.03"]

1. d4 Nf6 2. c4 e6 3. Nf3 c5 4. d5 exd5 5. cxd5 d6 6. Nc3 g6 7. Bf4 Bg7 8. Qa4+
Bd7 9. Qb3 b5 10. e3 c4 11. Qa3 O-O 12. Nd4 Re8 13. Be2 Ne4 14. Ndxb5 Bxb5 15.
Nxb5 g5 16. Bg3 f5 17. Bh5 f4 18. Bxf4 gxf4 19. Bxe8 Qxe8 20. Nc7 Qc8 21. Nxa8
c3 22. Rc1 Qg4 23. Qb4 fxe3 24. Qxb8+ Bf8 25. bxc3 Qxg2 26. Rf1 exf2+ 27. Ke2
Qg4+ 28. Ke3 Kf7 29. Rxf2+ 1-0

[Event "2MCRV_F"]
[Site "?"]
[Date "2002.??.??"]
[Round "?"]
[White "Kolarik, Josef"]
[Black "Sykora, Josef"]
[Result "0-1"]
[WhiteElo "2230"]
[BlackElo "2370"]
[PlyCount "76"]
[EventDate "2002.??.??"]
[EventType "corr"]
[SourceDate "2004.06.03"]

1. d4 d5 2. c4 c6 3. Nc3 e6 4. Nf3 Nf6 5. e3 Nbd7 6. Bd3 dxc4 7. Bxc4 b5 8. Bd3
Bb7 9. a3 b4 10. Ne4 a5 11. Nxf6+ Nxf6 12. O-O Be7 13. e4 O-O 14. Qc2 h6 15. e5
Nd7 16. Bh7+ Kh8 17. Be4 Qb8 18. Be3 c5 19. Rad1 b3 20. Qb1 c4 21. Rc1 Nb6 22.
Rfe1 Ra6 23. Nd2 Rc8 24. f4 a4 25. f5 exf5 26. Bxf5 c3 27. Rxc3 Rxc3 28. bxc3
Bxa3 29. Bd3 Ra8 30. c4 Bb4 31. Qd1 Qd8 32. Qg4 Qd7 33. Qh4 Qe6 34. d5 Nxd5 35.
cxd5 Qxd5 36. Be4 Qd8 37. Qf4 Bxe4 38. Qxe4 Rb8 0-1

[Event "2MCRV_F"]
[Site "?"]
[Date "2002.??.??"]
[Round "?"]
[White "Koukal, Vladimir"]
[Black "Dotlacil, Ladislav"]
[Result "1/2-1/2"]
[WhiteElo "2225"]
[BlackElo "2410"]
[PlyCount "56"]
[EventDate "2002.??.??"]
[EventType "corr"]
[SourceDate "2004.06.03"]

1. e4 e6 2. d4 d5 3. e5 b6 4. Nf3 Ba6 5. Bxa6 Nxa6 6. c4 Qd7 7. cxd5 exd5 8.
O-O O-O-O 9. a4 Bb4 10. Qe2 Kb7 11. a5 Ra8 12. axb6 axb6 13. Na3 c6 14. Nc2 Be7
15. b4 Nc7 16. Rxa8 Kxa8 17. Bf4 Nh6 18. Ra1+ Kb7 19. Bxh6 gxh6 20. Nfe1 Qf5
21. Ne3 Qe4 22. N1c2 Bg5 23. f3 Bxe3+ 24. Kh1 Qg6 25. Nxe3 Ra8 26. Rc1 Ra3 27.
Ng4 Nb5 28. Qd2 Qg5 1/2-1/2